000 00488nam a2200157 i 4500
001 30164
003 ES-MaACL
005 20230906154140.0
007 t|
008 030123s1973 sp ||||1| spa d
100 1 _aBarragán Landa, María Elisa.
_925827
245 1 0 _aOligoelementos en suelos de Navarra /
_cMª Elisa Barragán Landa.
260 _aPamplona :
_bDiputación Foral de Navarra,
_c1973.
300 _a176 p., 12 lám. col. ;
_c22 cm.
852 _aES-MaACL
_jC-53874
_bR.86677
999 _c30164
_d30164